00836ngm a2200241 a 450000500170000000800410001708200180005824500490007625000190012530000400014465000480018465000530023265000530028565000460033865000250038494200150040926400320042433600270045633700330048333800280051604000350054499900150057920220317001237.0160825s2005 ny g 000 0 spa 04aR 036 bE51en aEncarta 2005bBiblioteca de consultahCD-ROM a1a. edición  a4 CD-ROM bestéreo, color c12 cm142LEMBaEnciclopedias y diccionariosvCD-ROM 142LEMB aEspañolvDiccionariosvCD-ROMxInglés142LEMB aInglésvDiccionariosvCD-ROMxEspañol142LEMB aVideos de Discovery ChanelvCD-ROM142LEMB aAtlasvCD-ROM 2ddccCDMUL aMicrosoftc2005b[New York] atextobtxt2rdacontent asin mediaciónbn2rdamedia avolumenbnc2rdacarrier aCO-BoRNBPbspaerdacCO-BoRNBP c6366d6366